000 00524nam a2200205Ia 4500
005 20240823030702.0
008 240823s9999||||xx |||||||||||||| ||und||
020 _a978-81-317-0090-7
041 _aENGLISH
082 _A620.11 Q0
100 _aJames F Shackelford
245 0 _aMaterials Science for Engineers
250 _a6th
260 _c2010
_bPearson Education Internat
500 _aYES
650 _aMaterials Science
_bMechanical
700 _a Madanapalli K Muralidhara
942 _cBK
999 _c189285
_d189285